Thomas Kuhn : A philosophical history for our times (Record no. 1390279)

MARC details
000 -LEADER
fixed length control field 00621nam a2200217Ia 4500
005 - DATE AND TIME OF LATEST TRANSACTION
control field 20250508164634.0
008 - FIXED-LENGTH DATA ELEMENTS--GENERAL INFORMATION
fixed length control field 008 250505s9999 xx 000 0 eng d
020 ## - INTERNATIONAL STANDARD BOOK NUMBER
International Standard Book Number 978-81-88689-65-1
037 ## - SOURCE OF ACQUISITION
Stock number Textual
040 ## - CATALOGING SOURCE
Original cataloging agency FEDL
Language of cataloging eng
Transcribing agency FEDL
041 ## - LANGUAGE CODE
Language code of text/sound track or separate title eng
Source of code eng
084 ## - COLON CLASSIFICATION NUMBER
Classification number B, KUH
Assigning agency FEDL
100 ## - MAIN ENTRY--PERSONAL NAME
Personal name Fuller Steve
245 #0 - TITLE STATEMENT
Title Thomas Kuhn : A philosophical history for our times
260 ## - PUBLICATION, DISTRIBUTION, ETC.
Place of publication, distribution, etc. New Delhi, India
Name of publisher, distributor, etc. Orient Longman Private Limited
Date of publication, distribution, etc. 2005
300 ## - PHYSICAL DESCRIPTION
Extent xxxii,472p.
365 ## - TRADE PRICE
Price type code INR
Price amount 445
650 ## - SUBJECT ADDED ENTRY--TOPICAL TERM
Topical term or geographic name entry element Biography - Kuhn
9 (RLIN) 778700
942 ## - ADDED ENTRY ELEMENTS (KOHA)
Koha item type Textual
Classification part B, KUH
Holdings
Withdrawn status Lost status Damaged status Not for loan Home library Current library Date acquired Cost, normal purchase price Total Checkouts Full call number Barcode Date last seen Price effective from Koha item type
        Department of Education Library Department of Education Library 2025-05-08 445.00   B, KUH EL0083905 2025-05-08 2025-05-08 Textual
Copyright @ Delhi University Library System